India scriptures Vedic literature and Hindu religion (Record no. 3841)

MARC details
000 -LEADER
fixed length control field 00363nam a22001337a 4500
008 - FIXED-LENGTH DATA ELEMENTS--GENERAL INFORMATION
fixed length control field 250610b |||||||| |||| 00| 0 eng d
020 ## - INTERNATIONAL STANDARD BOOK NUMBER
ISBN 9788122310078
100 ## - MAIN ENTRY--AUTHOR
Author Prasoon Shrikant
245 ## - TITLE STATEMENT
Title India scriptures Vedic literature and Hindu religion
260 ## - PUBLICATION, DISTRIBUTION, ETC. (IMPRINT)
Place of publication New Delhi
Name of publisher Hindooloy books
Date of publication 2008
300 ## - COLLATION
Pagination 293p
942 ## - ADDED ENTRY ELEMENTS (KOHA)
Item type Books
050 ## - LIBRARY OF CONGRESS CALL NUMBER
Classification number BL 126.2
Item number .P 73
Holdings
Source of classification or shelving scheme Not for loan Permanent location Current location Date acquired Accession No. Full call number Barcode. Koha item type
Library of Congress Classification   Samuel Ogbemudia Main Library, University of Abuja Samuel Ogbemudia Main Library, University of Abuja 06/10/2025 2022/60082 BL 126.2 .P 73 2025-2487 Books